000 005360000a22001690004500
090 _aAR
_b01230
245 1 0 _aMolecular phylogenetics of the new wolrd bat genus Phyllostomus based on cytochrome b DNA sequence variation
650 1 4 _aFilogenética
_94310
650 1 4 _aMurciélagos
_92659
650 1 4 _aDNA
_994496
653 _gPhyllostomus
041 0 _aInglés
700 1 _aBaker, Robert J.
_994497
100 1 _aVan Den Bussche, Ronald A.
_994498
942 _cARTICULO
773 1 _tJournal of Mammalogy
_3106
_h3
_q793-802
_d1993
_g74
999 _c10316
_d10316